000 00446cam a22001694a 4500
005 20250605164140.0
008 250528s ||||||||||||||||||||||||d
035 _a18946
040 _aGR-AtMCL
_bgre
_dGR-AtMCL
_eAACR2
245 1 _aΆντα Τσιροπούλου / Ada Tsiropoulou
260 _b''Argo'' Gallery,
_c1992
300 _a38
700 1 _aΤσιροπούλου Άντα
_95229
942 _cBK
999 _c4243
_d4243